000 00325nam a22001457a 4500
003 OSt
008 250424b |||||||| |||| 00| 0 eng d
020 _a9789391165482
100 _aWARIKOO,Ankur
245 _aDo Epic Shit
260 _aNew Delhi
_bjuggernaut
_c2021
300 _a291
650 _aGeneral
942 _2ddc
_cBK
999 _c13428
_d13428